Normal view
MARC view
Entry Topical Term
001 - CONTROL NUMBER
- control field: 7659
003 - CONTROL NUMBER IDENTIFIER
- control field: PK-LaUMT
005 - DATE AND TIME OF LATEST TRANSACTION
- control field: 20251020110236.0
008 - FIXED-LENGTH DATA ELEMENTS
- fixed length control field: 251020|| aca||aabn | a|a d
040 ## - CATALOGING SOURCE
- Original cataloging agency: PK-LaUMT
- Transcribing agency: PK-LaUMT
150 ## - HEADING--TOPICAL TERM
- Topical term or geographic name as entry element: Breast cancer-Diagnosis
670 ## - SOURCE DATA FOUND
- Source citation: Work cat.: (PK-LaUMT)138975: Sameen Masroor 7658, An exploratory study of the correlation between imaging modalities, laboratory parameters, and demographic hisotyr in breast cancer diagnosis and staging among women in Lahore [MS Biochemistry] /, 2025
